High stocks pare down rubber price (Record no. 60403)

MARC details
000 -LEADER
fixed length control field 00284nam a2200121Ia 4500
100 ## - MAIN ENTRY--AUTHOR NAME
Personal name Tiyo
245 #0 - TITLE STATEMENT
Title High stocks pare down rubber price
260 ## - PUBLICATION, DISTRIBUTION, ETC. (IMPRINT)
Name of publisher Rubber Asia
Year of publication 2002
300 ## - PHYSICAL DESCRIPTION
Number of Pages 58-62
650 ## - SUBJECT ADDED ENTRY--TOPICAL TERM
Topical Term Rubber price
942 ## - ADDED ENTRY ELEMENTS (KOHA)
Koha item type Journals
Holdings
Withdrawn status Lost status Damaged status Not for loan Home library Current library Shelving location Date acquired Serial Enumeration / chronology Koha item type
      Journals RRII Library RRII Library Agricultural economics 18/10/2002 Volume 16, Issue 5 Journals